000 00672nam a2200217Ia 4500
005 20250508163854.0
008 008 250505s9999 xx 000 0 eng d
020 _a0-415-11411-X
037 _aReference
040 _aFEDL
_beng
_cFEDL
041 _aeng
_2eng
084 _a371.9, DAL
_qFEDL
100 _aDale Naomi
_9776624
245 0 _aWorking with families of children with special needs: Partinership and practice
260 _aLondon, UK
_bRoutledge
_c1996
300 _axi,334p
365 _aGBP
_b16.99
650 _aSpecial education; Education - Cross-cultural societies
_9776625
942 _cREF
_h371.9, DAL
999 _c1385724
_d1385724